000 00718cab a2200229 4500
001 ABS53378
008 090401t1995 xxu||||| |||| 00| 0 eng d
035 _a(Sirsi) u3823
041 _aeng
100 _aCatt, R.
245 _aRaising a dust cloud could end up raising the roof, too
260 _c1995
350 _a0
490 _aProperty Week
_v52(9) 31 August 1995, 33(1)
520 _aUrges surveyors to take precautionary measures against the risk of dust explosions when visiting empty warehouses and industrial premises.
650 _aDUST EXPLOSIONS
650 _aDUST
650 _aHEALTH AND SAFETY
_96244
690 _aBUILT ENVIRONMENT-BUILDING STANDARDS
942 _n0
948 _c04/03/1997
999 _c2318
_d2318